| 000 | 00694nam a2200253Ia 4500 | ||
|---|---|---|---|
| 001 | Para_7459 | ||
| 003 | CHAP | ||
| 008 | 220125s1983 xx 000 0 und d | ||
| 010 | _a206347 | ||
| 040 | _cCHAP | ||
| 082 | _aPA 632.3 P5 | ||
| 245 |
_aPlant bacterial diseases : _b a diagnostic guide / _c by P.C. Fahy Persley |
||
| 260 |
_aSydney : _b Academic Press |
||
| 300 | _a393 p. | ||
| 650 |
_aPlantas _x enfermedades por bacterias _988829 |
||
| 700 |
_aFahy, P.C. / Persley, G.J. _9172653 |
||
| 901 | _aPA 632.3 P5 | ||
| 902 | _aA | ||
| 905 | _a0000001983 a 0000000000 00 | ||
| 910 | _a1983 | ||
| 942 | _cPARA | ||
| 942 |
_cPARA _d1 |
||
| 999 |
_c206347 _d206347 |
||